000 00407cam a2200181ua 4500
020 _c1.50
041 _aeng
_h
082 _a823.308
_bMUL/RU
100 _aMullik, B.R.
245 _aRuskin /
_cB.R Mullik.
_hTextual Documents
250 _a2 /
_b.
260 _aNew Delhi :
_bS.Chand and Co ,
_c1960.
300 _a54 ; .
365 _a1.50
504 _a
942 _cBK
999 _c7825
_d7825